Nosné konstrukce jednoduchých staveb /

Gespeichert in:
Bibliographische Detailangaben
Hauptverfasser: Schreiber, Vladimír (Verfasst von), Sotolář, Lubomír (Verfasst von)
Format: Buch
Sprache:Tschechisch
Veröffentlicht: Praha: SNTL, 1982
Ausgabe:1. vyd.
Tags: Tag hinzufügen
Keine Tags, Fügen Sie das erste Tag hinzu!

MARC

LEADER 00000nam a22000003a 4500
001 0083250
003 SK-STU
005 20200911114434.2
007 ta
008 200911s ----xo-----e------000-0-----d
040 |a STU  |b slo 
041 0 |a cze  |h cze 
044 |a xr 
100 1 |a Schreiber, Vladimír  |4 aut 
245 1 0 |a Nosné konstrukce jednoduchých staveb /  |c aut. Vladimír Schreiber, Lubomír Sotolář 
250 |a 1. vyd. 
260 |a Praha:  |b SNTL,  |c 1982 
300 |a 196 s. 
700 1 |a Sotolář, Lubomír  |r Z6  |4 aut 
996 |b 284V041505  |c V* 53076/O-24236  |l VVT  |s A  |a 24  |w 0083250_0001